| 000 | 01035cab a2200301 4500 | ||
|---|---|---|---|
| 001 | ABS53207 | ||
| 008 | 090401t1995 xxu||||| |||| 00| 0 eng d | ||
| 035 | _a(Sirsi) u2651 | ||
| 041 | _aeng | ||
| 245 | _aSpecial report : offices | ||
| 260 | _c1995 | ||
| 350 | _a0 | ||
| 490 |
_aProperty Week _v52(1) 6 July 1995, 36-51(7) |
||
| 520 | _aFeatures changes in the office environment due to technological advances. Includes a review of the British Council for Offices` guidelines on office design, the increased use of cordless technology and the increasing use of business centres; profiling the Virtual Office service. | ||
| 650 | _aBRITISH COUNCIL FOR OFFICES | ||
| 650 | _aBUSINESS CENTRES | ||
| 650 | _aCORDLESS TECHNOLOGY | ||
| 650 | _aFUTURE | ||
| 650 | _aOFFICE HOTELS | ||
| 650 | _aOFFICES | ||
| 650 | _aSPECIFICATION | ||
| 650 | _aTELEWORKING | ||
| 650 | _aVIRTUAL OFFICE | ||
| 690 | _aBUILT ENVIRONMENT-CONSTRUCTION DESIGN | ||
| 690 | _aPROPERTY-COMMERCIAL PROPERTY | ||
| 942 | _n0 | ||
| 948 | _c04/03/1997 | ||
| 999 |
_c1596 _d1596 |
||